000
00281nam a22001097a 4500
040
_c
SK
082
_a
338
100
_a
ប៉ាន់ វុត្ថា
245
_a
ទស្សនៈវិជ្ជាអប់រំ
260
_a
Phnom Penh
_b
ប៉ាន់
_c
2010
942
_c
KB
999
_c
8451
_d
8451